Loading...

Vichaaram vimarsanam viswaasam(വിചാരം വിമ൪ശനം വിശ്വാസം): lekhanagal(ലേഖനങ്ങള്‍)/

Bibliographic Details
Main Author: Saradakkutty, S(ശാരദക്കുട്ടി, എസ്)
Format: Printed Book
Published: Kozhikode: Mathrubhumi Books, 2015.
Subjects:
LEADER 00783 a2200145 4500
999 |c 119743  |d 119743 
020 |a 9788182662902 
082 |a M 809   |b 32Q5 
100 |a Saradakkutty, S(ശാരദക്കുട്ടി, എസ്).  |9 56646 
245 |a Vichaaram vimarsanam viswaasam(വിചാരം വിമ൪ശനം വിശ്വാസം):  |b lekhanagal(ലേഖനങ്ങള്‍)/  |c S Saradakkutty(എസ് ശാരദക്കുട്ടി). 
260 |a Kozhikode:  |b Mathrubhumi Books,  |c 2015. 
300 |a 175p. 
650 |a Malayalam literature-History and criticism.  |9 56663 
942 |c BK 
952 |0 0  |1 0  |4 0  |6 M_809_000000000000000_32Q5  |7 0  |8 MAL  |9 116499  |a MGUL  |b MGUL  |c GEN  |d 2016-11-24  |e Mathrubhumi Books Bill No 23 dated 18.05.2016  |g 140.00  |l 0  |o M 809 32Q5  |p 55891  |r 2016-11-24  |y BK